MARC

LEADER 00000nrm a22000007a 4500
001 27271
003 Arxiu
005 20260324181150.0
008 230116b spa||||| |||| 00| 0 cat d
040 |a agdb  |b cat 
245 |a Llibreria de la Diputació :   |b 25 anys 
246 |a Celebrem 25 anys de la llibreria 
260 |a Barcelona :   |b Llibreria de la Diputació de Barcelona ;   |c [2019] 
300 |a 1 llibreta ;   |b il. col. ;   |c 10 x 14 cm. 
610 0 |9 52413  |a Barcelona (Catalunya : Província).  |b Llibreria 
655 0 |9 54934  |a Llibretes 
710 |9 52413  |a Barcelona (Catalunya : Província).  |b Llibreria 
942 |2 udc  |c ARXIU  |n 1 
952 |0 0  |1 0  |2 udc  |4 0  |6 NBM16191  |7 1  |9 65043  |a Arxiu  |b Arxiu  |d 2023-01-16  |l 0  |o NBM-16-191  |p 27271  |r 2023-01-16 00:00:00  |w 2023-01-16  |y ARXIU 
999 |c 82973  |d 82973